Disney's Tarzan / (Record no. 9349)

MARC details
000 -LEADER
fixed length control field 01404cam a2200433 a 4500
001 - CONTROL NUMBER
control field 9349
003 - CONTROL NUMBER IDENTIFIER
control field FISKH
005 - DATE AND TIME OF LATEST TRANSACTION
control field 20251211141801.0
008 - FIXED-LENGTH DATA ELEMENTS--GENERAL INFORMATION
fixed length control field 011212s1999 ctua b 000 1 eng
010 ## - LIBRARY OF CONGRESS CONTROL NUMBER
LC control number 2001281238
020 ## - INTERNATIONAL STANDARD BOOK NUMBER
International Standard Book Number 0717289079
020 ## - INTERNATIONAL STANDARD BOOK NUMBER
International Standard Book Number 9780717289073
035 ## - SYSTEM CONTROL NUMBER
System control number 12618388
040 ## - CATALOGING SOURCE
Original cataloging agency DLC
Transcribing agency DLC
Language of cataloging eng
050 ## - LIBRARY OF CONGRESS CALL NUMBER
Classification number PZ7 .D6255785
082 ## - DEWEY DECIMAL CLASSIFICATION NUMBER
Classification number 808.068
100 ## - MAIN ENTRY--PERSONAL NAME
Personal name Anonymous
245 00 - TITLE STATEMENT
Title Disney's Tarzan /
260 ## - PUBLICATION, DISTRIBUTION, ETC.
Place of publication, distribution, etc. Danbury :
Name of publisher, distributor, etc. Grolier Books,
Date of publication, distribution, etc. 1999.
300 ## - PHYSICAL DESCRIPTION
Extent 44 unnumbered pages :
Other physical details color illustrations ;
Dimensions 23 cm
440 #0 - SERIES STATEMENT/ADDED ENTRY--TITLE
Title Disney's wonderful world of reading
500 ## - GENERAL NOTE
General note Adapted from Tarzan by Edgar Rice Burroughs.
500 ## - GENERAL NOTE
General note Originally published: Copenhagen, Denmark : Egmont Gruppen.
505 ## - FORMATTED CONTENTS NOTE
Formatted contents note O<br/>
520 ## - SUMMARY, ETC.
Summary, etc. Burroughs' classic tale retold by Disney of a child raised by apes.
521 8# - TARGET AUDIENCE NOTE
Target audience note 600<br/>
Source Lexile estimate<br/>
521 8# - TARGET AUDIENCE NOTE
Target audience note O<br/>
Source Raz-Plus<br/>
650 #1 - SUBJECT ADDED ENTRY--TOPICAL TERM
Topical term or geographic name entry element Feral children
Form subdivision Fiction.
650 #1 - SUBJECT ADDED ENTRY--TOPICAL TERM
Topical term or geographic name entry element Apes
Form subdivision Fiction.
650 #1 - SUBJECT ADDED ENTRY--TOPICAL TERM
Topical term or geographic name entry element Jungles
Form subdivision Fiction.
651 #1 - SUBJECT ADDED ENTRY--GEOGRAPHIC NAME
Geographic name Africa
Form subdivision Fiction.
655 #7 - INDEX TERM--GENRE/FORM
Genre/form data or focus term Fiction.
Source of term lcgft
Authority record control number or standard number https://id.loc.gov/authorities/genreForms/gf2014026339
700 1# - ADDED ENTRY--PERSONAL NAME
Personal name Burroughs, Edgar Rice,
Dates associated with a name 1875-1950.
Title of a work Tarzan of the apes.
710 2# - ADDED ENTRY--CORPORATE NAME
Corporate name or jurisdiction name as entry element Walt Disney Enterprises.
730 0# - ADDED ENTRY--UNIFORM TITLE
Uniform title Tarzan (Motion picture : 1999)
906 ## - LOCAL DATA ELEMENT F, LDF (RLIN)
a 7
b cbc
c orignew
d 2
e ncip
f 20
g y-gencatlg
942 ## - ADDED ENTRY ELEMENTS (KOHA)
Source of classification or shelving scheme Dewey Decimal Classification
Koha item type Books
Suppress in OPAC No
Holdings
Withdrawn status Lost status Source of classification or shelving scheme Damaged status Not for loan Collection Home library Current library Shelving location Date acquired Total Checkouts Full call number Barcode Date last seen Copy number Price effective from Koha item type
    Dewey Decimal Classification     Juvenile Fiction Footprints International School Library Network Toul Tom Poung Campus Footprints International School Library Network Toul Tom Poung Campus TTP Primary Orange Bookshelves 12/11/2025   ANO 808.068 PZ7 .D6255785 FISBK00339 12/11/2025 1 12/11/2025 Books